Catholic University of Zimbabwe Library
Online Public Access Catalogue
(OPAC)

Friedrich von Hausen (Record no. 26732)

MARC details
000 -LEADER
fixed length control field 01566cam a22004334a 4500
001 - CONTROL NUMBER
control field muse86575
003 - CONTROL NUMBER IDENTIFIER
control field MdBmJHUP
005 - DATE AND TIME OF LATEST TRANSACTION
control field 20210127151716.0
006 - FIXED-LENGTH DATA ELEMENTS--ADDITIONAL MATERIAL CHARACTERISTICS
fixed length control field m o d
007 - PHYSICAL DESCRIPTION FIXED FIELD--GENERAL INFORMATION
fixed length control field cr||||||||nn|n
008 - FIXED-LENGTH DATA ELEMENTS--GENERAL INFORMATION
fixed length control field 760428s1977 ncu o 00 0 eng d
010 ## - LIBRARY OF CONGRESS CONTROL NUMBER
Canceled/invalid LC control number 76016058
020 ## - INTERNATIONAL STANDARD BOOK NUMBER
International Standard Book Number 9781469657059
020 ## - INTERNATIONAL STANDARD BOOK NUMBER
Canceled/invalid ISBN 0807880876
020 ## - INTERNATIONAL STANDARD BOOK NUMBER
Canceled/invalid ISBN 9781469657042
035 ## - SYSTEM CONTROL NUMBER
System control number (OCoLC)1155225283
040 ## - CATALOGING SOURCE
Original cataloging agency MdBmJHUP
Transcribing agency MdBmJHUP
050 04 - LIBRARY OF CONGRESS CALL NUMBER
Classification number PT1522.F4
Item number B4
082 0# - DEWEY DECIMAL CLASSIFICATION NUMBER
Classification number 831/.2
100 1# - MAIN ENTRY--PERSONAL NAME
Personal name Bekker, Hugo,
Dates associated with a name 1925-
245 10 - TITLE STATEMENT
Title Friedrich von Hausen
Remainder of title Inquiries Into His Poetry /
Statement of responsibility, etc. by Hugo Bekker.
264 #1 - PRODUCTION, PUBLICATION, DISTRIBUTION, MANUFACTURE, AND COPYRIGHT NOTICE
Name of producer, publisher, distributor, manufacturer University of North Carolina Press,
264 #3 - PRODUCTION, PUBLICATION, DISTRIBUTION, MANUFACTURE, AND COPYRIGHT NOTICE
Name of producer, publisher, distributor, manufacturer Project MUSE,
300 ## - PHYSICAL DESCRIPTION
Extent 1 online resource (x, 159 p.)
490 0# - SERIES STATEMENT
Series statement Studies in the Germanic languages and literatures ; no. 87
504 ## - BIBLIOGRAPHY, ETC. NOTE
Bibliography, etc. note Bibliography: p. 149-156.
506 0# - RESTRICTIONS ON ACCESS NOTE
Terms governing access Open Access
Standardized terminology for access restriction Unrestricted online access
Source of term star
588 ## - SOURCE OF DESCRIPTION NOTE
Source of description note Description based on print version record.
600 01 - SUBJECT ADDED ENTRY--PERSONAL NAME
Personal name Friedrich,
Titles and other words associated with a name von Hausen,
Dates associated with a name approximately 1150-1190
General subdivision Criticism and interpretation.
655 #7 - INDEX TERM--GENRE/FORM
Genre/form data or focus term Electronic books.
Source of term local
710 2# - ADDED ENTRY--CORPORATE NAME
Corporate name or jurisdiction name as entry element Project Muse.
Relator term distributor
830 #0 - SERIES ADDED ENTRY--UNIFORM TITLE
Uniform title University of North Carolina studies in the Germanic languages and literatures ;
Volume/sequential designation no. 87.
830 #0 - SERIES ADDED ENTRY--UNIFORM TITLE
Uniform title Book collections on Project MUSE.
856 40 - ELECTRONIC LOCATION AND ACCESS
Public note Full text available:
Uniform Resource Identifier <a href="https://muse.jhu.edu/book/75732/">https://muse.jhu.edu/book/75732/</a>
Holdings
Withdrawn status Lost status Source of classification or shelving scheme Damaged status Not for loan Home library Current library Shelving location Date acquired Total Checkouts Full call number Date last seen Uniform Resource Identifier Price effective from Koha item type
          Digital Library Digital Library Online Access 27.01.2021   PT1522.F4 B4 27.01.2021 https://muse.jhu.edu/book/75732/ 27.01.2021 eBook

OPENING HOURS

Weekdays: 0815hrs - 1800hrs
Weekends:0900hrs - 1200hrs

Closed for Mass:

Mon, Thur: 1200hrs - 1300hrs
Sunday & Public Holiday’s

CALL SUPPORT

0242-570570, 0242-570169
09200664, +263 8644140602

LOCATION

18443, Cranborne Avenue, Hatfield, Harare

Other Links


©2021 | CUZ Library